000 00613nam a2200181 4500
001 6123
010 _a9728138261
021 _b87061/95
090 _a6123
100 _a20260122d1995 u||y0pory50 ba
200 _aTodo o Ano com o Sapinho
_fMuff Singer
_gRoz Schanzer
210 _aLisboa
_cCentralivros
_d1995
215 _a[18] p.
_ccart.
225 _aAperta e Brinca
_v8
330 _aGoza as diferentes estações do ano com um adorável sapinho! Quando vires esta figura [sapo], aperta o sapinho de brincar para o fazeres chiar só para ti.
801 _aPT
_bBMVN
_gRPC
830 _cInês Silva
_d22/01/2026
990 _cLIVROS